[Event "Autumn Cup"]
[Site "Wellington Chess Club"]
[Date "2011.05.10"]
[Round "3"]
[White "Ker, Anthony"]
[Black "Van der Hoorn, Mark"]
[Result "1-0"]
[WhiteElo "2456"]
[BlackElo "2178"]

1. e4 c5 2. c3 d5 3. exd5 Qxd5 4. d4 Nf6 5. Nf3 Bg4 6. dxc5 Qxc5 7. Na3 Nbd7 8.
h3 Bh5 9. Be3 Qc8 10. g4 Bg6 11. Bg2 a6 12. Qb3 e6 13. Ng5 Nd5 14. Bxd5 exd5
15. O-O-O Nf6 16. Rhe1 Be7 17. Bf4 Qd7 18. Nc4 dxc4 19. Rxd7 cxb3 20. Rdxe7+
Kd8 21. axb3 1-0

[Event "Autumn Cup"]
[Site "Wellington Chess Club"]
[Date "2011.05.10"]
[Round "3"]
[White "Marney, John"]
[Black "Whittle, Jonathon"]
[Result "1-0"]
[WhiteElo "1501"]
[BlackElo "1673"]

1. e4 g6 2. d4 Bg7 3. Nf3 d6 4. Be3 a6 5. Bd3 Nd7 6. O-O b5 7. Nbd2 c5 8. c3 c4
9. Bc2 Bb7 10. Re1 Nh6 11. h3 O-O 12. Nf1 f5 13. Ng5 Rf6 14. d5 Qc8 15. Bd4 Nf8
16. Bxf6 Bxf6 17. Qd2 Nf7 18. Nxf7 Kxf7 19. Ng3 fxe4 20. Nxe4 Be5 21. f4 Bf6
22. Nxf6 exf6 23. Qd4 Nd7 24. Re6 Qf8 25. Rae1 f5 26. Bd1 a5 27. Bf3 Ra6 28.
Qe3 1-0

[Event "Autumn Cup"]
[Site "Wellington Chess Club"]
[Date "2011.05.10"]
[Round "3"]
[White "Proctor, Matthew"]
[Black "Veldhuizen, Matt"]
[Result "1-0"]
[WhiteElo "1374"]
[BlackElo "1448"]

1. e4 c6 2. d4 d5 3. Nc3 dxe4 4. Nxe4 Nd7 5. Nf3 Ngf6 6. Bd3 Nxe4 7. Bxe4 Nf6
8. Bd3 Bg4 9. c3 Qd5 10. Qb3 Qxb3 11. axb3 Bxf3 12. gxf3 e6 13. Bf4 g6 14. Kd2
Bg7 15. c4 Nd7 16. Be3 a6 17. Rae1 O-O 18. h4 h5 19. Rhg1 Kh7 20. f4 Nf6 21. f5
exf5 22. Bg5 Rfe8 23. Kc2 Rxe1 24. Rxe1 Re8 25. Rxe8 Nxe8 26. d5 cxd5 27. cxd5
Nd6 28. Be7 Be5 29. b4 b5 30. Kd2 Kg7 31. Ke3 Nc8 32. Bc5 f6 33. f4 Bd6 34.
Bxd6 Nxd6 35. Kd4 Kf7 36. Kc5 Ke7 37. Kb6 Kd7 38. Kxa6 Kc7 39. Bxb5 Nb7 40. Bc6
Nd6 41. Ka7 Nb5+ 42. Bxb5 1-0

[Event "Autumn Cup"]
[Site "Wellington Chess Club"]
[Date "2011.05.10"]
[Round "3"]
[White "Stracy, Don"]
[Black "Brockway, Andrew"]
[Result "0-1"]
[WhiteElo "1741"]
[BlackElo "1800"]

1. e4 c5 2. Nf3 g6 3. c3 Bg7 4. d4 cxd4 5. cxd4 d5 6. exd5 Nf6 7. Bb5+ Bd7 8.
Bc4 O-O 9. O-O b5 10. Bb3 a5 11. a3 Na6 12. Bf4 Bg4 13. h3 Bf5 14. Re1 Nxd5 15.
Bxd5 Qxd5 16. Rxe7 Rfe8 17. Nc3 Qc6 18. Rxe8+ Rxe8 19. Rc1 Qd7 20. Qd2 b4 21.
axb4 axb4 22. Ne2 Be4 23. Ng5 Bd5 24. Kh2 h6 25. Nf3 Bxf3 26. gxf3 Qf5 27. Ng3
Qd5 28. Re1 Rxe1 29. Qxe1 Qxf3 30. Qe8+ Kh7 31. Qe3 Qd5 32. Be5 f6 33. Qd3 fxe5
34. Qxa6 Qxd4 35. Qe2 Qf4 36. Kg2 Qd4 37. Ne4 Qd5 38. Kh2 Qc6 39. Qd2 Bf8 40.
Qd3 0-1

[Event "Autumn Cup"]
[Site "Wellington Chess Club"]
[Date "2011.05.10"]
[Round "3"]
[White "Turner, Michael"]
[Black "Wastney, Scott"]
[Result "1-0"]
[WhiteElo "2099"]
[BlackElo "2378"]

1. d4 d5 2. c4 e6 3. g3 Nf6 4. Nf3 Be7 5. Bg2 O-O 6. O-O dxc4 7. Qc2 b5 8. a4
b4 9. Ne5 Qxd4 10. Bxa8 Qxe5 11. Bf3 Ba6 12. Bf4 Qa5 13. Nd2 b3 14. Qc1 Qb4 15.
Ne4 Nxe4 16. Bxe4 c3 17. Bf3 Bf6 18. bxc3 Bxc3 19. Rb1 e5 20. Bg5 c5 21. Bd5 b2
22. Qc2 Nd7 23. Rfd1 Nb6 24. Be7 Re8 25. Bc6 Rc8 26. Qf5 g6 27. Qf3 Nc4 28. Bd5
1-0

[Event "Autumn Cup"]
[Site "Wellington Chess Club"]
[Date "2011.05.17"]
[Round "1"]
[White "Brockway, Andrew"]
[Black "Riley, Tim"]
[Result "1-0"]
[WhiteElo "1800"]
[BlackElo "1765"]

1. e4 e6 2. d4 d5 3. Nd2 dxe4 4. Nxe4 Nd7 5. Nf3 Ngf6 6. Nxf6+ Nxf6 7. c3 c5 8.
Ne5 Be7 9. Bb5+ Bd7 10. Nxd7 Nxd7 11. Be3 Rc8 12. O-O a6 13. Bxd7+ Qxd7 14.
dxc5 Bxc5 15. Qxd7+ Kxd7 16. Rfd1+ Ke7 17. Bxc5+ Rxc5 18. Rd2 Rd8 19. Rad1 Rxd2
20. Rxd2 Rc4 21. Kf1 Re4 22. b3 g5 23. g3 Re5 24. Rd4 b5 25. c4 bxc4 26. Rxc4
h5 27. Rc7+ Kf6 28. Rc4 Kf5 29. h4 f6 30. hxg5 fxg5 31. Ra4 a5 32. Rc4 Rd5 33.
Ke2 e5 34. f3 g4 35. fxg4+ hxg4 36. Ke3 Rd1 37. Ra4 Rf1 38. Rxa5 Rf3+ 39. Ke2
Rxg3 40. Kf2 Kf4 41. Ra4+ e4 42. Rxe4+ 1-0

[Event "Autumn Cup"]
[Site "Wellington Chess Club"]
[Date "2011.05.17"]
[Round "4"]
[White "Aldridge, Alan"]
[Black "Forster, Bill"]
[Result "1/2-1/2"]
[WhiteElo "1840"]
[BlackElo "1967"]

1. e4 d6 2. d4 Nf6 3. Nc3 c6 4. Nf3 Qa5 5. Bd2 Qc7 6. h3 e5 7. Bd3 Be7 8. O-O
Nbd7 9. Ne2 O-O 10. Ng3 exd4 11. Nxd4 Nc5 12. Bf4 Nxd3 13. cxd3 Be6 14. Qf3 Nd7
15. Ngf5 Ne5 16. Qg3 Bf6 17. Bg5 Bxg5 18. Qxg5 Bxf5 19. Nxf5 f6 20. Qg3 g6 21.
d4 Nf7 22. Rac1 Kh8 23. Ne3 Rae8 24. Nd5 Qd8 25. Nc3 Qb6 26. Qd3 Re7 27. b3
Rfe8 28. Rfd1 Ng5 29. Qg3 Nxe4 30. Nxe4 Rxe4 31. Qxd6 Qd8 32. Qc5 a6 33. Qb4
Qe7 34. Qxe7 R8xe7 35. d5 cxd5 1/2-1/2

[Event "Autumn Cup"]
[Site "Wellington Chess Club"]
[Date "2011.05.17"]
[Round "4"]
[White "Drinkwater, Blaise"]
[Black "Palmer, Luke"]
[Result "1-0"]
[WhiteElo "1403"]
[BlackElo "1035"]

1. e4 e5 2. Nf3 d6 3. d4 Nc6 4. d5 Nd4 5. Nxd4 exd4 6. Qxd4 Nf6 7. Bb5+ Bd7 8.
Bxd7+ Qxd7 9. Nc3 O-O-O 10. Qxa7 Qg4 11. O-O Nxe4 12. f3 Qh5 13. Nxe4 Qxd5 14.
Bg5 f6 15. Bxf6 gxf6 16. Qa8+ Kd7 17. Nxf6+ Ke6 18. Qxd8 Qg5 19. Rae1+ Kf7 20.
Qd7+ Kxf6 21. Re6+ Kf5 22. Qf7+ Qf6 23. Qxf6# 1-0

[Event "Autumn Cup"]
[Site "Wellington Chess Club"]
[Date "2011.05.17"]
[Round "4"]
[White "Nyberg, Michael"]
[Black "Kay, Bruce"]
[Result "1/2-1/2"]
[WhiteElo "2041"]
[BlackElo "1840"]

1. e4 e5 2. Nc3 Nf6 3. Bc4 Nc6 4. d3 h6 5. Be3 Bb4 6. Ne2 d6 7. a3 Ba5 8. h3
Be6 9. Ba2 Bxa2 10. Rxa2 d5 11. exd5 Nxd5 12. b4 Nxe3 13. fxe3 Bb6 14. Kd2 Qd7
15. Qg1 a5 16. b5 Ne7 17. Ng3 O-O 18. Kc1 f5 19. Qe1 f4 20. exf4 exf4 21. Nge4
Rae8 22. Kb1 Nd5 23. Rb2 Nxc3+ 24. Qxc3 Bd4 25. Qc4+ Kh8 26. c3 Be3 27. Re2 Bb6
28. Rhe1 c6 29. bxc6 bxc6 30. Kc2 Qd5 31. Qxd5 cxd5 32. Nd6 Rxe2+ 33. Rxe2 Be3
34. d4 Kh7 35. Kd3 g5 36. a4 Rb8 37. Nb5 Kg6 38. Nc7 Rd8 39. Rb2 Rd7 40. Nb5
Rb7 41. Re2 Kf6 42. c4 dxc4+ 43. Kxc4 Rb8 44. Kd3 Rc8 45. Nc3 Ke6 46. Rb2 Rd8
47. Ne2 Rd6 48. Rb5 Ra6 49. Ke4 Kf6 50. d5 Ke7 51. g3 Bd2 52. gxf4 gxf4 53.
Nxf4 Bxf4 54. Kxf4 Kd6 55. Ke4 Kc7 56. Ke5 Kd7 57. Rb7+ Kd8 58. Rh7 Rb6 59. d6
Rb4 60. Rxh6 Rxa4 61. Ke6 Re4+ 62. Kd5 Re1 63. Rh8+ Kd7 64. Rh7+ Kd8 65. Ra7
Rd1+ 66. Kc5 Rc1+ 67. Kb5 Rd1 68. Ra6 Rh1 69. Rxa5 Rxh3 70. Kc6 Rc3+ 71. Rc5
Rxc5+ 72. Kxc5 Kd7 73. Kd5 Kd8 74. Ke4 Kd7 75. Ke5 Kd8 76. Kd5 Kd7 77. Ke5 Kd8
78. Ke4 Kd7 79. Ke5 1/2-1/2

[Event "Autumn Cup"]
[Site "Wellington Chess Club"]
[Date "2011.05.17"]
[Round "4"]
[White "Proctor, Matthew"]
[Black "Marney, John"]
[Result "1-0"]
[WhiteElo "1374"]
[BlackElo "1501"]

1. e4 e5 2. Nf3 Nc6 3. Bc4 Bc5 4. c3 Nf6 5. d4 exd4 6. cxd4 Bb4+ 7. Bd2 Nxe4 8.
Qe2 d5 9. Bb5 O-O 10. O-O Nxd2 11. Nbxd2 Bd7 12. a3 Bd6 13. Rfe1 Re8 14. Qd3
Qf6 15. Ba4 Bf5 16. Qb5 Rxe1+ 17. Rxe1 Be6 18. Qxb7 Rb8 19. Qxc6 Rxb2 20. Qa8+
Bf8 21. Rb1 Rxb1+ 22. Nxb1 Qf4 23. Nbd2 g5 24. h3 Kg7 25. g3 Qf6 26. Bc6 Bxh3
27. Qxa7 Qxc6 28. Nxg5 Qc1+ 29. Kh2 Qxd2 30. Nxh3 Qc3 31. a4 c5 32. dxc5 Bxc5
33. Qc7 Qd4 34. a5 Qb4 35. Nf4 Bd6 36. Qb6 Qxb6 37. axb6 d4 38. Nd3 Kf6 39. Kg2
Kf5 40. Kf3 h5 41. Nf4 h4 42. Nh3 d3 43. g4+ Ke5 44. Ke3 d2 45. Kxd2 Ke4 46.
Ke2 f6 47. f3+ Kd5 48. Kd3 Kc6 49. Ke4 Kxb6 50. Kf5 Kc5 51. Kxf6 Kd5 52. g5
Be5+ 53. Kf7 Kd4 54. f4 Bxf4 55. Nxf4 Ke4 56. Nh3 Kf5 57. g6 Kg4 58. g7 Kxh3
59. g8=Q Kh2 60. Qg4 h3 61. Kf6 1-0

[Event "Autumn Cup"]
[Site "Wellington Chess Club"]
[Date "2011.05.17"]
[Round "4"]
[White "Sellen, Ian"]
[Black "Jackson, Ross"]
[Result "1-0"]
[WhiteElo "2040"]
[BlackElo "1986"]

1. c4 e6 2. Nf3 Nf6 3. g3 d5 4. Bg2 b6 5. Ne5 Bb7 6. Nc3 Be7 7. Qa4+ c6 8. cxd5
exd5 9. d4 O-O 10. O-O Ne8 11. Bf4 f6 12. Nd3 Nc7 13. Bxc7 Qxc7 14. Nf4 Qd6 15.
e4 g5 16. e5 Qd7 17. Bh3 f5 18. Nh5 Ba6 19. Rfe1 b5 20. Qc2 g4 21. Bg2 Bb7 22.
Ne2 Na6 23. Nef4 Nc7 24. e6 Qd6 25. Re5 Rae8 26. Rae1 Qb4 27. a3 Qxd4 28. Rxf5
Qc4 29. Qb1 Qd4 30. Rf7 Qh8 31. Ng6 Qd4 (31... hxg6 32. Qxg6+ Qg7 33. Qxg7#)
32. Nxf8 (32. Nxe7+ Rxe7 33. Qxh7#) 1-0

[Event "Autumn Cup"]
[Site "Wellington Chess Club"]
[Date "2011.05.17"]
[Round "4"]
[White "Turner, Michael"]
[Black "Ker, Anthony"]
[Result "0-1"]
[WhiteElo "2099"]
[BlackElo "2456"]

1. d4 d6 2. c4 e5 3. dxe5 dxe5 4. Qxd8+ Kxd8 5. Nf3 f6 6. Nc3 Be6 7. e3 c6 8.
Bd2 Nd7 9. Be2 Nb6 10. b3 Ba3 11. Rd1 Kc7 12. O-O a5 13. Nb1 Bb4 14. a3 Be7 15.
Bc3 Nd7 16. b4 axb4 17. axb4 Nh6 18. e4 Nf7 19. c5 Ra2 20. Nfd2 b6 21. Bc4 Bxc4
22. Nxc4 bxc5 23. b5 cxb5 24. Ba5+ Kc6 25. Nc3 bxc4 26. Nxa2 Ra8 27. Ra1 Rxa5
28. Nb4+ cxb4 29. Rxa5 Bc5 30. Rc1 Nd6 31. g3 b3 32. h4 b2 33. Rb1 c3 0-1

[Event "Autumn Cup"]
[Site "Wellington Chess Club"]
[Date "2011.05.17"]
[Round "4"]
[White "Van der Hoorn, Mark"]
[Black "Nijman, Brian"]
[Result "1/2-1/2"]
[WhiteElo "2178"]
[BlackElo "2167"]

1. d4 e6 2. Bf4 Nf6 3. e3 b6 4. Nd2 Ba6 5. Qf3 d5 6. Ne2 Bb4 7. c3 Bd6 8. g4
Bd3 9. Ng3 Bxf1 10. Kxf1 O-O 11. g5 Ne8 12. e4 Bxf4 13. Qxf4 f6 14. g6 hxg6 15.
Qg4 f5 16. Qxg6 Rf6 17. Qg5 fxe4 18. Ndxe4 dxe4 19. Nxe4 Qd5 20. Qxd5 exd5 21.
Nxf6+ Nxf6 22. Re1 Nbd7 23. Kg2 Kf7 24. a4 a6 25. b4 a5 26. b5 Re8 27. c4 dxc4
28. Rc1 Re2 29. Rxc4 Nd5 30. Kf3 Rb2 31. Rhc1 N7f6 32. Rc6 Rb3+ 33. Kg2 Ra3 34.
Rxc7+ Nxc7 35. Rxc7+ Ke6 36. Rc6+ Kd5 37. Rxb6 Rxa4 38. Ra6 Ne4 39. Rg6 Ra2 40.
Rxg7 Rxf2+ 41. Kg1 Rb2 42. Rd7+ Ke6 43. Rb7 a4 44. Ra7 Nc3 45. Ra6+ Kd5 46. b6
Kxd4 47. h4 Kc5 48. h5 Kc6 49. h6 Rb4 50. Ra8 Ne2+ 51. Kf2 Nf4 52. h7 Ng6 53.
Rg8 Rb2+ 54. Ke3 Rh2 55. Rxg6+ Kb7 56. Rg7+ Kxb6 57. Kd3 1/2-1/2

[Event "Autumn Cup"]
[Site "Wellington Chess Club"]
[Date "2011.05.17"]
[Round "4"]
[White "Wastney, Scott"]
[Black "Dive, Russell"]
[Result "0-1"]
[WhiteElo "2378"]
[BlackElo "2419"]

1. e4 Nf6 2. e5 Nd5 3. d4 d6 4. c4 Nb6 5. f4 dxe5 6. fxe5 Nc6 7. Be3 Bf5 8. Nc3
e6 9. Nf3 Be7 10. d5 exd5 11. cxd5 Nb4 12. Nd4 Bd7 13. e6 fxe6 14. dxe6 Bc6 15.
a3 Bh4+ 16. g3 Bxh1 17. axb4 Bf6 18. Qg4 Nd5 19. Bb5+ c6 20. Nxc6 bxc6 21.
Bxc6+ Kf8 22. Bc5+ Kg8 23. e7 Bxe7 24. Qe6+ Kf8 25. O-O-O Bxc5 26. Bxd5 Qf6 27.
bxc5 Qxe6 28. Bxe6 Ke7 29. Bh3 Bf3 30. Rd7+ Kf6 31. Nb5 Rhd8 32. Rxa7 Rxa7 33.
Nxa7 Rd5 34. b4 Rd4 35. Kc2 Rxb4 36. Kc3 Rb7 37. Nc8 Ke5 38. Nb6 Ra7 39. Bd7
Ra1 40. Kb4 Kd4 41. c6 Rb1+ 42. Ka5 Rc1 43. Kb5 Bxc6+ 0-1

[Event "Autumn Cup"]
[Site "Wellington Chess Club"]
[Date "2011.05.17"]
[Round "4"]
[White "Whittle, Jonathon"]
[Black "Stoeveken, Peter"]
[Result "0-1"]
[WhiteElo "1673"]
[BlackElo "1677"]

1. e4 c5 2. Nf3 Nc6 3. d3 e5 4. g3 Nf6 5. Bg2 d6 6. O-O Be7 7. Nc3 Bg4 8. Qe1
a6 9. h3 Bh5 10. Be3 Qd7 11. a4 Bxf3 12. Bxf3 Qxh3 13. Bg2 Qh5 14. f3 Rd8 15.
Ne2 d5 16. g4 Qg6 17. Ng3 h5 18. g5 Nh7 19. exd5 Nb4 20. f4 Nxc2 21. f5 Qb6 22.
Qc3 Nxe3 23. Qxe5 c4 24. d4 Nxf1 25. Rxf1 Rd6 26. Qxg7 Rf8 27. Re1 Nxg5 28.
Qxg5 Qxd4+ 29. Kh1 Qf6 30. Qf4 Kd7 31. Re4 Rg8 32. Bh3 Rxd5 33. Nxh5 Rd1+ 34.
Bf1 Qh4+ 35. Qxh4 Bxh4 36. Rxh4 Rxf1+ 37. Kh2 Rxf5 38. Ng3 Rfg5 39. Ne4 Rf5 40.
Ng3 Rf2+ 41. Kh3 Rf3 42. Rd4+ Ke8 43. Re4+ Kf8 44. Rg4 Rxg4 45. Kxg4 Rxg3+ 46.
Kxg3 Ke7 0-1

[Event "Autumn Cup"]
[Site "Wellington Chess Club"]
[Date "2011.05.24"]
[Round "5"]
[White "Dive, Russell"]
[Black "Van der Hoorn, Mark"]
[Result "1-0"]
[WhiteElo "2419"]
[BlackElo "2178"]

1. c4 e5 2. g3 Nc6 3. Bg2 Nf6 4. a3 Be7 5. Nc3 O-O 6. b4 Re8 7. e3 Bf8 8. Nge2
a5 9. b5 Nd4 10. exd4 exd4 11. O-O dxc3 12. Nxc3 d5 13. Nxd5 Nxd5 14. Bxd5 Bh3
15. Qf3 Bc5 16. Bb2 1-0

[Event "Autumn Cup"]
[Site "Wellington Chess Club"]
[Date "2011.05.24"]
[Round "5"]
[White "Farrington, Lawrence"]
[Black "Roberts, Michael"]
[Result "1-0"]
[WhiteElo "1708"]
[BlackElo "1818"]

1. e4 e6 2. d4 d5 3. Nc3 Bb4 4. e5 Ne7 5. Nf3 c5 6. a3 Bxc3+ 7. bxc3 Nec6 8.
Bd3 Nd7 9. O-O c4 10. Be2 O-O 11. Ng5 Nb6 12. f4 h6 13. Nh3 Na4 14. Qe1 b5 15.
Bd2 Bd7 16. Bg4 Qe7 17. f5 exf5 18. Bxf5 Bxf5 19. Rxf5 Qd7 20. Rf3 Ne7 21. Qg3
Ng6 22. Nf4 Nxf4 23. Bxf4 Qe6 24. Bd2 Nb6 25. Rf6 1-0

[Event "Autumn Cup"]
[Site "Wellington Chess Club"]
[Date "2011.05.24"]
[Round "5"]
[White "Jackson, Ross"]
[Black "Forster, Bill"]
[Result "1/2-1/2"]
[WhiteElo "1986"]
[BlackElo "1967"]

1. d4 f5 2. Nf3 Nf6 3. c4 e6 4. g3 d5 5. Qc2 Bd6 6. Bg2 c6 7. O-O O-O 8. b3 b6
9. cxd5 cxd5 10. Ba3 Ba6 11. Ne5 Ne4 12. f3 Nf6 13. Re1 Bxa3 14. Nxa3 Qd6 15.
Qb2 Nbd7 16. b4 Rac8 17. b5 Bb7 18. Rac1 Rxc1 19. Rxc1 Rc8 20. Rxc8+ Bxc8 21.
Nc2 Nxe5 22. dxe5 Qc5+ 23. e3 Ne8 24. Nd4 Nc7 25. Bf1 a5 26. Kf2 Bd7 27. a4 Kf7
28. Qd2 Ke8 29. Nb3 Qa3 30. Nxa5 Qxa4 31. Nb7 Bxb5 32. Nd6+ Kd7 33. e4 Bxf1 34.
Kxf1 Qa1+ 35. Kg2 Qxe5 36. Nc4 Qf6 37. Nxb6+ Ke8 38. exd5 Nxd5 39. Nxd5 exd5
1/2-1/2

[Event "Autumn Cup"]
[Site "Wellington Chess Club"]
[Date "2011.05.24"]
[Round "5"]
[White "Ker, Anthony"]
[Black "Wastney, Scott"]
[Result "1-0"]
[WhiteElo "2456"]
[BlackElo "2378"]

1. e4 e5 2. Nf3 Nc6 3. d4 exd4 4. Nxd4 Nf6 5. Nxc6 bxc6 6. e5 Qe7 7. Qe2 Nd5 8.
c4 Nb6 9. Nc3 Bb7 10. Bf4 g6 11. Ne4 O-O-O 12. c5 Nd5 13. Bg5 Qxe5 14. Bxd8
Kxd8 15. O-O-O f5 16. Ng5 Qf6 17. h4 Bxc5 18. Qc2 Bb6 19. Bc4 h6 20. Nf3 Re8
21. Rhe1 Rxe1 22. Rxe1 Ba5 23. Rd1 Qe7 24. h5 Qf6 25. hxg6 Qxg6 26. Kb1 Qf6 27.
Nd4 Ne7 28. Ne6+ Kc8 29. Nc5 d5 30. Bd3 Bb6 31. Re1 Qd6 32. Bxf5+ Kb8 33. Nd7+
Ka8 34. Qe2 Nc8 35. Nxb6+ axb6 36. Qe8 Kb8 37. g3 Qf6 38. g4 Ba6 39. a3 Qd4 40.
Bxc8 Bxc8 41. Qxc6 Bxg4 42. Re8+ Bc8 43. Re7 Qf4 44. f3 d4 45. Re8 Qf5+ 46. Qe4
Qd7 47. Re7 Qd6 48. Re8 Qd7 49. Kc2 Ka7 50. Re7 Qd6 51. Qe5 Qc6+ 52. Kd2 Kb8
53. f4 Qg2+ 54. Qe2 Qd5 55. Qe4 Qd6 56. Qe5 Qd8 57. f5 1-0

[Event "Autumn Cup"]
[Site "Wellington Chess Club"]
[Date "2011.05.24"]
[Round "5"]
[White "Palmer, Luke"]
[Black "Veldhuizen, Matt"]
[Result "0-1"]
[WhiteElo "1035"]
[BlackElo "1448"]

1. e4 c6 2. Nc3 d5 3. d3 dxe4 4. Nxe4 Nd7 5. Be2 Ngf6 6. Nxf6+ Nxf6 7. Bg5 e6
8. Nf3 Be7 9. Ne5 O-O 10. Bh5 Nxh5 11. Bxe7 Qxe7 12. Qxh5 Qb4+ 13. c3 Qxb2 14.
O-O Qxc3 15. Rac1 Qa5 16. Rc2 f6 17. Nc4 Qxh5 18. Re1 Qd5 19. Re3 e5 20. h3 Bf5
21. Nd2 Bxd3 22. Rc1 Rad8 23. a3 Qa2 24. Rd1 Qxa3 25. Nb1 Qb3 26. Ree1 Bxb1 27.
Rxb1 Qc3 28. Rec1 Qd2 29. Rd1 Qxd1+ 30. Rxd1 Rxd1+ { 0-1} 0-1

[Event "Autumn Cup"]
[Site "Wellington Chess Club"]
[Date "2011.05.24"]
[Round "5"]
[White "Rabina, Romeo"]
[Black "Brockway, Andrew"]
[Result "1-0"]
[WhiteElo "1773"]
[BlackElo "1800"]

1. e4 c5 2. c3 g6 3. d4 cxd4 4. cxd4 d5 5. e5 Bg7 6. Nf3 Bg4 7. Be3 e6 8. h3
Bxf3 9. Qxf3 Ne7 10. Bb5+ Nbc6 11. g4 Qb6 12. Nc3 a6 13. Bxc6+ Nxc6 14. O-O-O
Rc8 15. Kb1 Nxe5 16. dxe5 Qb4 (16... Rxc3 17. Qxd5 exd5 18. Bxb6 Rc6 19. Be3
Bxe5 20. Rxd5) 17. Bd4 Rc4 18. Qd3 O-O 19. a3 Qe7 20. Ne2 b5 21. Rc1 Rb8 22.
Ka2 Qb7 23. Rc3 b4 24. Rb3 a5 25. Kb1 Bf8 26. axb4 Bxb4 27. Nc3 Qc6 28. Na2
Rxd4 (28... Rc8 29. Ka1 Qa4) 29. Qxd4 Qb7 30. Rc1 Ra8 31. Rxb4 axb4 32. Qxb4
Qa6 33. Qb3 Qe2 34. Qe3 Qa6 35. Nc3 Rd8 36. Rd1 Ra8 37. Rd4 Qf1+ 38. Kc2 Ra1
39. Rd1 Rxd1 40. Nxd1 Qc4+ 41. Qc3 Qe2+ 42. Kc1 Qf1 43. b3 Qb5 44. b4 Qa6 45.
Ne3 Qe2 46. Qd2 Qa6 47. Kb2 Qb5 48. Kb3 Kg7 49. h4 Qb6 50. f4 Qc6 51. Qc3 Qd7
52. Qd4 Qb5 53. Kc3 Qa4 1-0

[Event "Autumn Cup"]
[Site "Wellington Chess Club"]
[Date "2011.05.24"]
[Round "5"]
[White "Sellen, Ian"]
[Black "Nyberg, Michael"]
[Result "1-0"]
[WhiteElo "2040"]
[BlackElo "2041"]

1. c4 c5 2. Nc3 Nc6 3. Nf3 Nf6 4. g3 g6 5. Bg2 Bg7 6. O-O O-O 7. d3 d6 8. Bg5
a6 9. Qd2 Rb8 10. Bh6 Ne8 11. Bxg7 Nxg7 12. d4 cxd4 13. Nxd4 Bd7 14. Rfd1 Qb6
15. Nd5 Qd8 16. Rac1 Rc8 17. b3 Re8 18. e4 Bg4 19. f3 Bd7 20. Qe3 e6 21. Nxc6
Rxc6 22. Nb4 Rb6 23. Qc3 a5 24. Nc2 Rc6 25. f4 e5 26. fxe5 dxe5 27. Rd5 Qg5 28.
Ne3 Qe7 29. Rxa5 Rf8 30. Qd2 Nh5 31. Rd1 Bc8 32. Rd5 Kg7 33. Re1 Nf6 34. Rd3
Bg4 35. Rf1 h5 36. h3 Bc8 37. Qf2 Nd7 38. Nd5 Qc5 39. Rf3 Qxf2+ 40. R1xf2 f6
41. g4 hxg4 42. hxg4 g5 43. Kh2 Rh8+ 44. Kg3 Re8 45. Rf1 Ree6 46. Kf2 Nc5 47.
Rh3 Nd7 48. Rfh1 Nf8 49. Ke3 Re8 50. Bf3 Be6 51. a4 Bg8 52. Be2 Ng6 53. R3h2
Ra8 54. Bd1 Nh4 55. Rd2 Rd8 56. Rhh2 Rc5 57. Ne7 Rxd2 58. Rxd2 Be6 59. Rd6 Ng2+
60. Kf2 Nf4 61. Nd5 Bxd5 62. exd5 Rc7 63. Rb6 Kf7 64. Ke3 Rd7 65. Ke4 Ng6 66.
b4 Ne7 67. a5 Nc8 68. Re6 Nd6+ 69. Kd3 Ne8 70. Ba4 Rd8 71. Bxe8+ Rxe8 72. Rxe8
Kxe8 73. b5 Ke7 74. a6 bxa6 75. bxa6 1-0

[Event "Autumn Cup"]
[Site "Wellington Chess Club"]
[Date "2011.05.31"]
[Round "6"]
[White "Brockway, Andrew"]
[Black "Farrington, Lawrence"]
[Result "1/2-1/2"]
[WhiteElo "1800"]
[BlackElo "1708"]

1. e4 e5 2. Nf3 Nf6 3. Nxe5 d6 4. Nf3 Nxe4 5. Nc3 Nf6 6. d4 d5 7. Bd3 Be7 8.
O-O O-O 9. h3 Nc6 10. Bg5 h6 11. Bh4 Be6 12. Ne2 Nb4 13. Bb5 a6 14. Ba4 Bd7 15.
Bxd7 Qxd7 16. Ne5 Qd8 17. c3 Nc6 18. Nxc6 bxc6 19. Nc1 Ne4 20. Bxe7 Qxe7 21.
Nb3 a5 22. Nd2 Nd6 23. Re1 Qd7 24. Qa4 Rfe8 25. Kf1 Ne4 26. Nxe4 dxe4 27. Rad1
Qd6 28. Kg1 f5 29. Qc2 Qe6 30. c4 Red8 31. Qe2 Qf7 32. Qc2 1/2-1/2

[Event "Autumn Cup"]
[Site "Wellington Chess Club"]
[Date "2011.05.31"]
[Round "6"]
[White "Dive, Russell"]
[Black "Ker, Anthony"]
[Result "0-1"]
[WhiteElo "2419"]
[BlackElo "2456"]

1. Nf3 d6 2. c4 e5 3. Nc3 f5 4. d4 e4 5. Ng5 Be7 6. h4 c6 7. g3 Na6 8. a3 Nf6
9. b4 Nc7 10. d5 O-O 11. Qb3 Kh8 12. Bf4 cxd5 13. cxd5 Ng4 14. e3 Bf6 15. Rc1
Qe7 16. Qc4 Ne8 17. Bh3 Ne5 18. Bxe5 dxe5 19. Nb5 Bxg5 20. hxg5 Qxg5 21. Qc5
Qf6 22. Nc7 Nxc7 23. Qxc7 Rf7 24. Qc5 Bd7 25. d6 f4 26. exf4 Bxh3 27. Rxh3 exf4
28. Qc3 Qxd6 29. gxf4 Qxf4 30. Rg3 Qxf2+ 0-1

[Event "Autumn Cup"]
[Site "Wellington Chess Club"]
[Date "2011.05.31"]
[Round "6"]
[White "Forster, Bill"]
[Black "Sellen, Ian"]
[Result "0-1"]
[WhiteElo "1967"]
[BlackElo "2040"]

1. d4 d5 2. e3 Nf6 3. Bd3 g6 4. f4 c5 5. c3 b6 6. Qe2 Bg7 7. Nf3 Bg4 8. O-O O-O
9. Nbd2 Nc6 10. b3 cxd4 11. exd4 Qc7 12. h3 Bd7 13. Nh4 Nh5 14. Qf2 Nxd4 15.
Bb2 Ne6 16. Rae1 Nexf4 17. Bb1 Bxh3 18. Ndf3 Bxg2 19. Ng5 Nh3+ 20. Nxh3 Bxh3
0-1

[Event "Autumn Cup"]
[Site "Wellington Chess Club"]
[Date "2011.05.31"]
[Round "6"]
[White "Nijman, Brian"]
[Black "Turner, Michael"]
[Result "1-0"]
[WhiteElo "2167"]
[BlackElo "2099"]

1. d4 Nf6 2. e3 e6 3. Bd3 c5 4. c4 d5 5. cxd5 exd5 6. Nc3 Nc6 7. Nge2 Bd6 8.
dxc5 Bxc5 9. O-O O-O 10. Nd4 Nxd4 11. exd4 Bg4 12. Bxh7+ Kxh7 13. Qd3+ Kg8 14.
dxc5 d4 15. Nb5 Re8 16. f3 Bd7 17. Nd6 Re5 18. Qxd4 Qe7 19. b4 a5 20. Bb2 Rd5
21. Qf4 axb4 22. Rfe1 Be6 23. Qxb4 Qc7 24. Bxf6 gxf6 25. Ne4 Qe5 26. a3 Kg7 27.
Nd6 Qh5 28. Rxe6 Rh8 29. Ne8+ Kf8 30. Nxf6 Qxh2+ 31. Kf2 fxe6 32. Nxd5 exd5 33.
c6+ Kg7 34. Qg4+ Kf6 35. Qd4+ Kg6 36. cxb7 Qh4+ 1-0

[Event "Autumn Cup"]
[Site "Wellington Chess Club"]
[Date "2011.05.31"]
[Round "6"]
[White "Nyberg, Michael"]
[Black "Aldridge, Alan"]
[Result "1-0"]
[WhiteElo "2141"]
[BlackElo "1840"]

1. c4 e5 2. g3 f5 3. Bg2 Nf6 4. Nc3 Nc6 5. d3 Bc5 6. e3 O-O 7. a3 a5 8. Nge2 d6
9. O-O Bd7 10. d4 Bb6 11. Qb3 a4 12. Qd1 Ne7 13. Bxb7 f4 14. exf4 Bh3 15. Bg2
Bxg2 16. Kxg2 exd4 17. Nxd4 Qd7 18. Be3 Ra5 19. Qf3 Rh5 20. h4 Ng6 21. Rh1 Bxd4
22. Bxd4 Ng4 23. Rae1 c5 24. Be3 Kh8 25. Qd1 Qb7+ 26. Nd5 Qd7 27. Qe2 Qf5 28.
Bc1 Rb8 29. Qe6 Qxe6 30. Rxe6 Rd8 31. Rhe1 Kg8 32. Re8+ Rxe8 33. Rxe8+ Kf7 34.
Ra8 1-0

[Event "Autumn Cup"]
[Site "Wellington Chess Club"]
[Date "2011.05.31"]
[Round "6"]
[White "Theodosiou, Andreas"]
[Black "Marney, John"]
[Result "0-1"]
[WhiteElo "1259"]
[BlackElo "1501"]

1. d4 d5 2. c4 e6 3. Nc3 Nf6 4. Bg5 Nbd7 5. e3 Be7 6. Bd3 dxc4 7. Bxc4 O-O 8.
Nf3 c5 9. d5 Nb6 10. Bxf6 Bxf6 11. Bb3 c4 12. Bc2 Nxd5 13. Nd4 Nxc3 14. bxc3
Qa5 15. Qd2 Rd8 16. O-O e5 17. Rfe1 exd4 18. exd4 Be6 19. Re4 Bf5 20. Re2 Bxc2
21. Rae1 Bd3 22. Re3 Bxd4 23. Rxd3 cxd3 0-1

[Event "Autumn Cup"]
[Site "Wellington Chess Club"]
[Date "2011.05.31"]
[Round "6"]
[White "Whittle, Jonathon"]
[Black "Proctor, Matthew"]
[Result "0-1"]
[WhiteElo "1673"]
[BlackElo "1374"]

1. e4 e5 2. Nf3 Nc6 3. d4 exd4 4. Nxd4 Bc5 5. Nxc6 bxc6 6. c4 Qh4 7. Qc2 Nf6 8.
Nc3 Ng4 9. Nd1 d6 10. g3 Qf6 11. Bg2 h5 12. h4 Be6 13. Bg5 Qd4 14. Ne3 Rb8 15.
Rb1 Ne5 16. O-O f6 17. Rfd1 Qxd1+ 18. Rxd1 fxg5 19. hxg5 h4 20. gxh4 Rxh4 21.
Nf5 Rh7 22. b3 g6 23. Ng3 Kd7 24. Ne2 Bh3 25. Nf4 Bxg2 26. Kxg2 Rbh8 27. Kg3
Rh2 28. Ng2 R8h3+ 29. Kf4 Rf3# 0-1

[Event "Club Championships"]
[Site "Wellington Chess Club"]
[Date "2011.07.26"]
[Round "1"]
[White "Forster, Bill"]
[Black "Sellen, Ian"]
[Result "1/2-1/2"]
[WhiteElo "1995"]
[BlackElo "2061"]

1. Nf3 d5 2. c4 e6 3. g3 c6 4. Bg2 Nf6 5. O-O Bd6 6. d4 b6 7. Nc3 O-O 8. Ne5
Bb7 9. f4 Nbd7 10. e4 Bb4 11. Nxd7 Qxd7 12. e5 Ne8 13. cxd5 cxd5 14. Rf2 Rc8
15. Rc2 f5 16. Bd2 Nc7 17. Rac1 Bxc3 18. Bxc3 Nb5 19. Bf1 a5 20. Be1 Na7 21.
Rc3 Rxc3 22. Rxc3 Rc8 23. Qc2 Rxc3 24. Qxc3 Qc6 25. Qxc6 1/2-1/2